NBA Arenas By Capacity - Statistics

General Stats
  • This quiz has been taken 33 times
  • The average score is 25 of 30
Answer Stats
Stadium
Capacity
Team % Correct
18,997 Lakers
96%
17,500 Bucks
92%
18,000 Clippers
92%
17,732 Nets
92%
18,064 Warriors
92%
19,432 Cavaliers
88%
19,156 Celtics
88%
19,600 Heat
88%
19,200 Mavericks
88%
19,520 Nuggets
88%
18,055 Rockets
88%
18,418 Spurs
88%
17,794 Grizzlies
83%
17,923 Pacers
83%
19,800 Raptors
83%
18,203 Thunder
83%
20,356 Wizards
83%
20,917 Bulls
79%
19,077 Hornets
79%
17,583 Kings
79%
18,846 Magic
79%
19,441 Trail Blazers
79%
20,478 76ers
75%
19,812 Knicks
75%
16,867 Pelicans
75%
20,332 Pistons
75%
17,044 Hawks
71%
18,306 Jazz
71%
17,071 Suns
71%
18,978 Timberwolves
67%
No matching quizzes found
Score Distribution
Percent of People with Each Score
Percentile by Number Answered
Your Score History
You have not taken this quiz